header

The foundations of Latin (Record no. 103710)

MARC details
000 -LEADER
fixed length control field 01474nam a2200385 a 4500
082 04 - DEWEY DECIMAL CLASSIFICATION NUMBER
Classification number 475
100 1# - MAIN ENTRY--AUTHOR NAME
Personal name Baldi, Philip.
245 14 - TITLE STATEMENT
Title The foundations of Latin
260 ## - PUBLICATION, DISTRIBUTION, ETC. (IMPRINT)
Place of publication Berlin ;
-- New York :
Name of publisher Mouton de Gruyter,
Year of publication 2002.
300 ## - PHYSICAL DESCRIPTION
Number of Pages xxvii, 534 p.
650 #0 - SUBJECT ADDED ENTRY--TOPICAL TERM
Topical Term Latin language
Topical Term Indo-European languages
Topical Term Inscriptions, Latin
856 40 - ELECTRONIC LOCATION AND ACCESS
Uniform Resource Identifier http://site.ebrary.com/lib/rucke/Doc?id=10588219

No items available.

© 2026 Rongo University
Contact us: librarian | system librarian | Rongo university